Výsledky hospodárenia rodinných podnikov v slovenskom poľnohospodárstve
Podnikanie v poľnohospodárstve ako froma rodinného podnikania. Definovanie pojmu samostatne hospodáriaci roľník. Perspektívy rodinného podnikania v slovenskom poľnohospodárstve. Faktory vplývajúce na tento typ podnikania - ekonomické, finančné, politické a legislatívne faktory. Počasie ako špecifick...
Guardado en:
| Autor principal: | |
|---|---|
| Otros Autores: | |
| Formato: | Capítulo de libro |
| Lenguaje: | eslovaco |
| Materias: | |
| Etiquetas: |
Sin Etiquetas, Sea el primero en etiquetar este registro!
|
MARC
| LEADER | 00000naa$a2200000$$$4500 | ||
|---|---|---|---|
| 001 | 0269466 | ||
| 005 | 20240502074225.7 | ||
| 041 | 0 | |a slo | |
| 044 | |a SK | ||
| 245 | 1 | 0 | |a Výsledky hospodárenia rodinných podnikov v slovenskom poľnohospodárstve |
| 520 | |a Podnikanie v poľnohospodárstve ako froma rodinného podnikania. Definovanie pojmu samostatne hospodáriaci roľník. Perspektívy rodinného podnikania v slovenskom poľnohospodárstve. Faktory vplývajúce na tento typ podnikania - ekonomické, finančné, politické a legislatívne faktory. Počasie ako špecifický a dominantný determinant poľnohospodárstva. | ||
| 610 | 2 | 0 | |a vidiek |
| 610 | 2 | 0 | |a rozvoj hospodársky |
| 610 | 2 | 0 | |a poľnohospodárstvo |
| 610 | 2 | 0 | |a podnik rodinný |
| 610 | 2 | 0 | |a roľníci jednotlivo hospodáriaci |
| 610 | 2 | 0 | |a príjmy |
| 610 | 2 | 0 | |a výdavky |
| 610 | 2 | 0 | |a zisk |
| 610 | 2 | 0 | |a majetok |
| 610 | 2 | 0 | |a Slovensko |
| 100 | 1 | |a Tóthová, Alena, 1968- | |
| 700 | 1 | |a Tóth, Miroslav, 1961- | |